Statistiken für Wörter im Namen der Hauptstädte

Klicken Sie hier um das Quiz zu spielen!

Allgemein

  • Dieses Quiz wurde 390 mal gespielt
  • Das Durchschnittsergebnis liegt bei 10 aus 20

Antwortstatistiken

WortLand% Korrekt
StockStockholm
96%
TunTunis
89%
VideoMontevideo
88%
PestBudapest
85%
KapKapstadt
85%
GierAlgier
73%
TripTripolis
73%
GradBelgrad
70%
SultanNur-Sultan
66%
nassNassau
65%
beiBeirut
46%
BadIslamabad
42%
BassBasseterre
40%
RoseRoseau
33%
BandBandar Seri
Begawan
32%
KartJakarta
23%
RenYaren
12%
UndJaunde
7%
amenN'Djamena
7%
BorGaborone
4%

Verteilung der Resultate

Perzentil nach korrekt beantworteten Fragen

Anzahl Personen mit jedem Resultat

Ihre Resultats-Entwicklung

Sie haben dieses Quiz noch nicht gespielt